| 000 | 00420nam a2200109Ia 4500 | ||
|---|---|---|---|
| 008 | 220615s9999||||xx |||||||||||||| ||und|| | ||
| 245 | 0 |
_asamGlobal Environmental Resources _bThe Ozone Problem |
|
| 546 | _aEnglish[eng] | ||
| 650 | _aManagement: leadership and motivation||Politics and government||Science: general issues | ||
| 856 | _uhttps://library.oapen.org/bitstream/20.500.12657/42124/1/9783631755716.pdf | ||
| 942 | _cEB | ||
| 999 |
_c17974 _d17974 |
||